ბათუმის შოთა რუსთაველის სახელმწიფო უნივერსიტეტის ბიბლიოთეკა

კონსტიტუციური სამართალი : სახელმძღვანელო ბაკალავრიატის სტუდენტებისათვის / (ბიბ.ჩანაწერი № 57549)

000 -ლიდერი
ფიქსირებული სიგრძის საკონტროლო ველი 01232nam a22002177a 4500
003 - საკონტროლო ნომრის იდენტიფიკატორი
საკონტროლო ველი Ge_BSU
005 - ბოლო ოპერაციის თარიღი და დრო
საკონტროლო ველი 20200728114545.0
008 - ფიქსირებული სიგრძის მონაცემთა ელემენტები - ზოგადი ინფორმაცია
ფიქსირებული სიგრძის საკონტროლო ველი 200728s2016ge xxu||||| |||| 00| 0 geo d
020 ## - წიგნის საერთაშორისო სტანდარტული ნომერი
International Standard Book Number 9789941947773
041 ## - ენის კოდი
Language code of text/sound track or separate title geo
080 ## - უნივერსალური ათობითი კლასიფიკაციის ინდექსი
Universal Decimal Classification number 342.41(479.22) დ-32
100 ## - მთავარი ჩანაწერი - პიროვნების სახელი
Personal name დემეტრაშვილი, ავთანდილ.
9 (RLIN) 9064
245 ## - ცნობა სათაურის შესახებ
Title კონსტიტუციური სამართალი : სახელმძღვანელო ბაკალავრიატის სტუდენტებისათვის /
Statement of responsibility, etc ავთანდილ დემეტრაშვილი, გიორგი გოგიაშვილი ; რედ. ირაკლი გაბისონია.
264 ## - წარმოების, გამოცემის, დისტრიბუციის და სხვა ცნობები
გამოცემის, წარმოების, დისტრიბუციის... ადგილი თბილისი :
გამოცემის, წარმოების, დისტრიბუციის... სახელწოდება იურისტების სამყარო,
გამოცემის, წარმოების, დისტრიბუციის... თარიღი 2016
300 ## - ფიზიკური აღწერა
Extent 624 გვ. ;
Dimensions 21 სმ.
653 ## - INDEX TERM--UNCONTROLLED
Uncontrolled term საქართველოს კონსტიტუციური სამართალი.
653 ## - INDEX TERM--UNCONTROLLED
Uncontrolled term სამართალი
700 ## - ADDED ENTRY--PERSONAL NAME
Personal name გოგიაშვილი, გიორგი
9 (RLIN) 7880
700 ## - ADDED ENTRY--PERSONAL NAME
Personal name გაბისონია, ირაკლი
Relator term რედაქტორი
9 (RLIN) 7024
942 ## - ADDED ENTRY ELEMENTS (KOHA)
Source of classification or shelving scheme
Koha item type წიგნი
ეგზემპლარები
ჩამოწერის სტატუსი დაკარგული ეგზემპლარის სტატუსი კლასიფიკაციის წყარო ან თაროზე გაწყობის სქემა დაზიანების სტატუსი არ გაიცემა მუდმივი მდებარეობა (დაცვის ადგილი) ამჟამინდელი ადგილსამყოფელი თაროზე განთავსების ადგილი შეძენის თარიღი ღირებულება, შესყიდვის ნორმალური ფასი სრული შენახვის შიფრი შტრიხკოდი ბოლო ოპერაციის თარიღი ეგზემპლარის მიმდევრობითი ნომერი (კეტერი?) ფასის ძალაში შესვლის თარიღი ეგზემპლარის სახეობა საჯარო შენიშვნა
          ბათუმის შოთა რუსთაველის სახელმწიფო უნივერსიტეტის მთავარი ბიბლიოთეკა ბათუმის შოთა რუსთაველის სახელმწიფო უნივერსიტეტის მთავარი ბიბლიოთეკა წიგნსაცავი 2020-07-28 15.00 342.41(479.22) დ-32 60759 2020-07-28 60759 2020-07-28 წიგნი 15.00
          ბათუმის შოთა რუსთაველის სახელმწიფო უნივერსიტეტის მთავარი ბიბლიოთეკა ბათუმის შოთა რუსთაველის სახელმწიფო უნივერსიტეტის მთავარი ბიბლიოთეკა წიგნსაცავი 2020-08-25 27.00 342.41(479.22) დ-32 60945 2020-08-25 60945 2020-08-25 წიგნი 27.00